| 000 | 00578nam a2200157Ia 4500 | ||
|---|---|---|---|
| 003 | GCL | ||
| 005 | 20240530104345.0 | ||
| 008 | 140319s9999 xx 000 0 ara d | ||
| 040 |
_aGCL / _cGCL |
||
| 082 | 0 | 4 |
_a347.02 _bع ا |
| 100 | _4عبدالناصر توفيق العطار | ||
| 245 | 1 | 0 |
_aاحكام الاسرة عند المسيحيين المصريين ومدى تطبيقها بالمحاكم / _bعبدالناصر توفيق العطار |
| 260 |
_a[S.N] : _bمؤسسة البستانى للطباعة ، _c1986 |
||
| 300 |
_a311 ص؛ _b24 سم |
||
| 942 |
_2ddc _cBK |
||
| 999 |
_c46792 _d46792 |
||